[Event "Excelsior November op"]
[Site "Toronto CAN"]
[Date "2023.11.18"]
[Round "3.6"]
[White "Oancea, Nicolae"]
[Black "Wang, Derek"]
[Result "1/2-1/2"]
[WhiteElo "1997"]
[BlackElo "2086"]
[PlyCount "44"]
[EventDate "2023.11.17"]
[EventType "swiss"]
[EventRounds "5"]
[EventCountry "CAN"]

1. c4 e6 2. Nf3 d5 3. b3 Nf6 4. Bb2 Be7 5. g4 h6 6. e3 b6 7. Qc2 Bb7 8. Be2
Nbd7 9. Rg1 c5 10. h4 Bf8 11. Na3 Ne4 12. O-O-O Nd6 13. g5 hxg5 14. hxg5 Qe7
15. Rh1 Rxh1 16. Rxh1 O-O-O 17. Rh7 Ne4 18. Rh1 Nd6 19. Rh7 Ne4 20. g6 f6 21.
Rh2 Qe8 22. d3 Nd6 1/2-1/2

[Event "Excelsior November op"]
[Site "Toronto CAN"]
[Date "2023.11.18"]
[Round "3.7"]
[White "Malakar, Saarthak"]
[Black "Zhong, Ryan Yunhui"]
[Result "1-0"]
[WhiteElo "2083"]
[BlackElo "1986"]
[PlyCount "65"]
[EventDate "2023.11.17"]
[EventType "swiss"]
[EventRounds "5"]
[EventCountry "CAN"]

1. d4 d5 2. Nf3 e6 3. g3 Nf6 4. Bg2 b5 5. a4 b4 6. c3 bxc3 7. Nxc3 Bb7 8. a5 a6
9. Qb3 Ra7 10. O-O Nbd7 11. Bf4 Be7 12. Na4 O-O 13. Rfc1 Ba8 14. Qc3 Ne4 15.
Qc2 Nd6 16. Nc5 Nxc5 17. dxc5 Nb5 18. c6 f6 19. Bh3 e5 20. Bf5 h6 21. Be6+ Kh8
22. Nh4 e4 23. Ng6+ Kh7 24. Bf5 Kg8 25. Rd1 Qe8 26. Rxd5 Bb4 27. Qc4 Qf7 28.
Qxb4 Bxc6 29. Ne7+ Kh8 30. Nxc6 Rb7 31. Nd8 Qg8 32. Nxb7 Rb8 33. Rad1 1-0

[Event "Excelsior November op"]
[Site "Toronto CAN"]
[Date "2023.11.18"]
[Round "3.8"]
[White "Filipovich, David"]
[Black "Maulucci, Anthony"]
[Result "0-1"]
[WhiteElo "2170"]
[BlackElo "2011"]
[PlyCount "82"]
[EventDate "2023.11.17"]
[EventType "swiss"]
[EventRounds "5"]
[EventCountry "CAN"]

1. Nf3 d5 2. g3 Nf6 3. Bg2 c6 4. c4 Bf5 5. cxd5 cxd5 6. Qb3 Qc8 7. Nc3 e6 8. d3
h6 9. Bf4 Nc6 10. O-O Be7 11. Rac1 O-O 12. Ne5 Nd7 13. Nxc6 bxc6 14. e4 dxe4
15. dxe4 Bh7 16. Rfd1 e5 17. Be3 Rb8 18. Qa4 Rxb2 19. Nd5 Bd8 20. Qxa7 Rb7 21.
Qa4 Nb8 22. Nb4 Bb6 23. Nxc6 Bxe3 24. Ne7+ Rxe7 25. Rxc8 Bxf2+ 26. Kxf2 Rxc8
27. Qa8 Rec7 28. Bh3 Rf8 29. Qd5 Rc2+ 30. Kg1 Nc6 31. Rd2 Bxe4 32. Qxe4 Rxd2
33. Qxc6 Rxa2 34. Qd5 Ra1+ 35. Kf2 Rb8 36. Qxe5 Ra2+ 37. Kf3 Rb3+ 38. Kg4 Ra4+
39. Kh5 Kh7 40. Bg4 Rab4 41. Qe7 Rb7 0-1

[Event "Excelsior November op"]
[Site "Toronto CAN"]
[Date "2023.11.19"]
[Round "4.2"]
[White "Chaurette, Laurent"]
[Black "Sambuev, Bator"]
[Result "0-1"]
[WhiteElo "1940"]
[BlackElo "2576"]
[PlyCount "68"]
[EventDate "2023.11.17"]
[EventType "swiss"]
[EventRounds "5"]
[EventCountry "CAN"]

1. d4 Nf6 2. c4 e6 3. Nf3 d5 4. g3 c6 5. Qc2 dxc4 6. Qxc4 b5 7. Qb3 Bb7 8. Bg2
a6 9. O-O c5 10. a4 c4 11. Qc2 Nbd7 12. Bf4 Rc8 13. Rd1 b4 14. Nfd2 Bxg2 15.
Kxg2 Qb6 16. f3 c3 17. bxc3 Nd5 18. a5 Qxd4 19. Ne4 Qc4 20. Qd3 f5 21. Qxc4
Rxc4 22. Ned2 Rxf4 23. Kf2 Bc5+ 24. Ke1 bxc3 25. gxf4 cxd2+ 26. Nxd2 Ke7 27. e4
Nc3 28. Rdc1 Bb4 29. Kf2 Nc5 30. Rc2 Rd8 31. exf5 Nd3+ 32. Kg3 Ne2+ 33. Kh4
Ndxf4 34. Ne4 exf5 0-1

[Event "Excelsior November op"]
[Site "Toronto CAN"]
[Date "2023.11.19"]
[Round "4.3"]
[White "Yang, Larry"]
[Black "Malakar, Saarthak"]
[Result "0-1"]
[WhiteElo "2212"]
[BlackElo "2083"]
[PlyCount "143"]
[EventDate "2023.11.17"]
[EventType "swiss"]
[EventRounds "5"]
[EventCountry "CAN"]

1. e4 c6 2. d4 d5 3. e5 Bf5 4. Bd3 Bxd3 5. Qxd3 e6 6. Ne2 c5 7. c3 Nc6 8. O-O
Nge7 9. Nd2 h5 10. Nf3 Nf5 11. Nf4 h4 12. h3 cxd4 13. cxd4 Nb4 14. Qb3 a5 15.
a4 Qb6 16. Be3 Be7 17. Ne2 O-O 18. Nc3 Qc6 19. Rac1 Nxe3 20. fxe3 Rac8 21. Na2
Qd7 22. Nc3 Qc6 23. Rfd1 Rfd8 24. Rd2 Qc4 25. Qxc4 dxc4 26. Ne1 Rc6 27. Nb5 Nd5
28. Kf2 Bg5 29. Re2 f5 30. Nd6 c3 31. b3 b6 32. Nc4 Rdc8 33. Nf3 Be7 34. Ne1
Rxc4 35. bxc4 Rxc4 36. Nd3 Rxa4 37. Nf4 Nxf4 38. exf4 Rxd4 39. Ke3 Bc5 40. Rxc3
Rc4+ 41. Kd3 Rxf4 42. Rb2 Rd4+ 43. Kc2 Re4 44. Rd3 Rxe5 45. Rb1 Re2+ 46. Kc3
Rxg2 47. Rd8+ Kf7 48. Rbd1 Rg3+ 49. Kc4 f4 50. R1d7+ Kg6 51. Re8 f3 52. Rxe6+
Kh7 53. Re4 f2 54. Rxh4+ Kg8 55. Rd8+ Kf7 56. Rf4+ Kg6 57. Rd7 Rxh3 58. Kb5 Rg3
59. Ka4 Rg1 60. Rdf7 Kh7 61. Kb3 Kg8 62. Kc2 a4 63. Kb2 a3+ 64. Ka2 g5 65. Rxf2
Bxf2 66. Rxf2 Rg3 67. Rf6 Kg7 68. Rxb6 g4 69. Rc6 Rf3 70. Rc4 g3 71. Rc6 g2 72.
Rc8 0-1

[Event "Excelsior November op"]
[Site "Toronto CAN"]
[Date "2023.11.19"]
[Round "4.4"]
[White "Moses, Neil"]
[Black "Qian, Ashley"]
[Result "1-0"]
[WhiteElo "2161"]
[BlackElo "1928"]
[PlyCount "119"]
[EventDate "2023.11.17"]
[EventType "swiss"]
[EventRounds "5"]
[EventCountry "CAN"]

1. e4 c5 2. Nf3 d6 3. Bb5+ Bd7 4. Bxd7+ Nxd7 5. O-O Ngf6 6. Re1 e6 7. c4 Be7 8.
Nc3 O-O 9. d4 cxd4 10. Nxd4 Rc8 11. b3 a6 12. Bb2 Qc7 13. Qe2 Rfd8 14. Rad1 Bf8
15. Kh1 b6 16. f4 Nc5 17. f5 exf5 18. Nxf5 Re8 19. Qf3 Rcd8 20. Nd5 Nxd5 21.
exd5 f6 22. Nd4 Qf7 23. b4 Rxe1+ 24. Rxe1 Re8 25. Rd1 Ne4 26. h4 Qh5 27. Qxh5
Ng3+ 28. Kh2 Nxh5 29. Ne6 g6 30. Bd4 Rc8 31. Rc1 Bh6 32. Rc2 Bf4+ 33. Kh3 Be5
34. Bxb6 Rb8 35. c5 dxc5 36. bxc5 Ng3 37. Bc7 Bxc7 38. Nxc7 Nf1 39. Re2 Kg7 40.
d6 g5 41. g4 gxh4 42. d7 Ng3 43. Rd2 Ne4 44. d8=Q Rxd8 45. Rxd8 Nxc5 46. Kxh4
Kf7 47. Rd5 Ne4 48. Nxa6 Nc3 49. Rd2 Ne4 50. Rc2 Ng5 51. Nc7 Nf3+ 52. Kg3 Ng5
53. a4 Kg6 54. a5 Kf7 55. a6 Kg6 56. a7 Kf7 57. a8=Q Kg6 58. Qg8+ Kh6 59. Rh2+
Nh3 60. Rxh3# 1-0

[Event "Excelsior November op"]
[Site "Toronto CAN"]
[Date "2023.11.19"]
[Round "4.5"]
[White "Wang, Derek"]
[Black "Loadman, Ian"]
[Result "1-0"]
[WhiteElo "2086"]
[BlackElo "2068"]
[PlyCount "125"]
[EventDate "2023.11.17"]
[EventType "swiss"]
[EventRounds "5"]
[EventCountry "CAN"]

1. d4 Nf6 2. Nc3 d5 3. Bf4 g6 4. e3 Bg7 5. Nb5 Na6 6. Be2 O-O 7. h3 c5 8. Nf3
Bf5 9. c3 Nd7 10. O-O Re8 11. Bh2 e5 12. Nd6 Qb6 13. Nxe8 Rxe8 14. Qb3 exd4 15.
Qxb6 Nxb6 16. cxd4 c4 17. Bd6 Bf8 18. Bxf8 Kxf8 19. Rfc1 Nb4 20. a3 Nd3 21.
Bxd3 Bxd3 22. Nd2 Bf5 23. Nf3 Bd3 24. Nd2 Nc8 25. Nb1 a6 26. Nc3 Rd8 27. a4 b6
28. f3 Na7 29. Ra3 Nc6 30. Na2 Rd6 31. b4 Ne7 32. b5 a5 33. Re1 g5 34. Kf2 Rd7
35. Rh1 Kg7 36. h4 h6 37. hxg5 hxg5 38. Nc3 Bg6 39. Raa1 Rd8 40. g4 Bd3 41.
Rae1 Ng6 42. Kg3 f6 43. f4 Nh4 44. Rh2 Rd6 45. f5 Rd8 46. Rd2 Kf7 47. Rh2 Kg7
48. Kf2 Rd7 49. Reh1 Rd8 50. Rxh4 gxh4 51. Rxh4 Rd7 52. Kf3 Re7 53. Kf4 Be4 54.
Rh5 Rf7 55. Nxe4 dxe4 56. Kxe4 Re7+ 57. Kf4 c3 58. Rh2 Rc7 59. Rc2 Rc4 60. Ke4
Rxa4 61. Kd5 Rb4 62. Kc6 Rb3 63. d5 1-0

[Event "Excelsior November op"]
[Site "Toronto CAN"]
[Date "2023.11.19"]
[Round "4.6"]
[White "Singh Dhaliwal, Jaipreet"]
[Black "Oancea, Nicolae"]
[Result "1-0"]
[WhiteElo "2148"]
[BlackElo "1997"]
[PlyCount "135"]
[EventDate "2023.11.17"]
[EventType "swiss"]
[EventRounds "5"]
[EventCountry "CAN"]

1. e4 d5 2. exd5 Nf6 3. Nf3 Nxd5 4. d4 g6 5. c3 Bg7 6. g3 O-O 7. Bg2 Bg4 8.
Nbd2 e5 9. dxe5 Nc6 10. h3 Be6 11. O-O Nxe5 12. Nxe5 Bxe5 13. Nf3 Bf6 14. Nd4
Bc8 15. Re1 c6 16. Bh6 Re8 17. Rxe8+ Qxe8 18. Qd2 Bd7 19. Re1 Qc8 20. Kh2 Qc7
21. Qd1 Rd8 22. Bxd5 cxd5 23. Qf3 Be5 24. Qxd5 Re8 25. Re3 Bg7 26. Rxe8+ Bxe8
27. Bxg7 Kxg7 28. Qg5 Bd7 29. Qe7 Qc8 30. Qe5+ Kg8 31. g4 a6 32. f4 Bc6 33. f5
Qe8 34. Qxe8+ Bxe8 35. f6 h6 36. Kg3 g5 37. Nf3 Bd7 38. Ne5 Be6 39. a3 Kf8 40.
c4 Ke8 41. Kf3 Kd8 42. Ke4 Kc7 43. c5 Bb3 44. Kd4 b6 45. Kc3 Bd5 46. b4 b5 47.
Kd4 Be6 48. Ke4 Kb7 49. Kf3 Kc7 50. Kg3 Bd5 51. h4 Bb3 52. hxg5 hxg5 53. Kf3
Bd5+ 54. Ke3 Be6 55. Ke4 Kb7 56. Kd4 Kc7 57. Ke4 Kd8 58. Ke3 Ke8 59. Kf2 Kd8
60. Kg3 Ke8 61. Nf3 Bc4 62. Nxg5 Kd7 63. Kf4 Bb3 64. Ke5 Bd1 65. Nxf7 Bxg4 66.
Nh6 Bf3 67. Ng8 Bg2 68. f7 1-0

[Event "Excelsior November op"]
[Site "Toronto CAN"]
[Date "2023.11.19"]
[Round "4.7"]
[White "Zhao, Jifan"]
[Black "Qian, Eric"]
[Result "1-0"]
[WhiteElo "2058"]
[BlackElo "1954"]
[PlyCount "131"]
[EventDate "2023.11.17"]
[EventType "swiss"]
[EventRounds "5"]
[EventCountry "CAN"]

1. e4 c5 2. Nf3 d6 3. Bb5+ Nc6 4. d4 cxd4 5. Qxd4 Bd7 6. Bxc6 Bxc6 7. Nc3 h6 8.
Bd2 e5 9. Qd3 Nf6 10. h3 Be7 11. Be3 Qa5 12. Nd2 b5 13. Nb3 Qd8 14. Nd5 Nxd5
15. exd5 Bd7 16. O-O O-O 17. f4 exf4 18. Bxf4 a6 19. Kh1 Kh8 20. Rad1 Rc8 21.
Nd4 Rc4 22. c3 Qc8 23. Qe3 Re8 24. Qg3 Qc5 25. Rfe1 Bf8 26. Rxe8 Bxe8 27. Nf5
Bd7 28. Bxd6 Qc8 29. Bxf8 Qxf8 30. Nd6 Ra4 31. a3 Kh7 32. Rf1 f6 33. Qd3+ g6
34. Qg3 h5 35. Nb7 Qe7 36. Qd6 Qxd6 37. Nxd6 Kg7 38. Re1 Kf8 39. Ne4 Bf5 40.
Nxf6 Rf4 41. d6 Rf2 42. d7 Bxd7 43. Nxd7+ Kf7 44. Ne5+ Kf6 45. Nd3 Rd2 46. Re3
Kf5 47. Kg1 g5 48. Kf1 g4 49. h4 a5 50. g3 a4 51. Ke1 Rg2 52. Re5+ Kg6 53. Nf4+
Kf6 54. Nxg2 Kxe5 55. Nf4 Ke4 56. Ke2 Ke5 57. Nxh5 Kd5 58. Nf4+ Ke4 59. h5 Ke5
60. Ke3 Kf5 61. h6 Kf6 62. Ke4 Kf7 63. Kf5 Kg8 64. Kg6 Kh8 65. Ne6 Kg8 66. Ng5
1-0

[Event "Excelsior November op"]
[Site "Toronto CAN"]
[Date "2023.11.19"]
[Round "4.8"]
[White "Zhong, Ryan Yunhui"]
[Black "Maulucci, Anthony"]
[Result "1-0"]
[WhiteElo "1986"]
[BlackElo "2011"]
[PlyCount "81"]
[EventDate "2023.11.17"]
[EventType "swiss"]
[EventRounds "5"]
[EventCountry "CAN"]

1. e4 e6 2. Nf3 d5 3. e5 c5 4. b4 b6 5. bxc5 bxc5 6. c3 Qd7 7. d4 Ba6 8. Bxa6
Nxa6 9. Qe2 c4 10. O-O Ne7 11. a4 Nc8 12. Ne1 Be7 13. Nc2 Nb6 14. Ne3 Nc7 15.
Qc2 Rb8 16. Nd2 g6 17. Ba3 Bxa3 18. Rxa3 Qc6 19. f4 h5 20. h3 Kd7 21. Kf2 Rb7
22. Ke2 Rhb8 23. g4 hxg4 24. hxg4 Nc8 25. Rh1 Rb2 26. Qc1 Qa6 27. Rh7 Nb5 28.
axb5 Qxa3 29. f5 gxf5 30. gxf5 R8xb5 31. fxe6+ Kxe6 32. Qg1 Rxd2+ 33. Kf3 Kd7
34. e6+ Kc6 35. Qg8 Nd6 36. exf7 Nxf7 37. Qc8+ Kb6 38. Rxf7 Qc5 39. dxc5+ Rxc5
40. Rb7+ Ka6 41. Rc7+ 1-0

[Event "Excelsior November op"]
[Site "Toronto CAN"]
[Date "2023.11.19"]
[Round "5.1"]
[White "Sambuev, Bator"]
[Black "Campbell, Ryan"]
[Result "1-0"]
[WhiteElo "2576"]
[BlackElo "2235"]
[PlyCount "91"]
[EventDate "2023.11.17"]
[EventType "swiss"]
[EventRounds "5"]
[EventCountry "CAN"]

1. d4 d5 2. c4 e6 3. Nc3 Be7 4. Nf3 Nf6 5. Bg5 h6 6. Bh4 O-O 7. e3 Nbd7 8. Rc1
c5 9. cxd5 Nxd5 10. Bxe7 Nxe7 11. Be2 cxd4 12. Nxd4 a6 13. O-O Nf6 14. Bf3 Rb8
15. b4 e5 16. Nb3 b6 17. Qe2 Qd7 18. Rfd1 Qe6 19. Ne4 Nfd5 20. Qc4 Bb7 21. Nec5
bxc5 22. Nxc5 Qb6 23. Nxb7 Qxb7 24. Bxd5 Nxd5 25. Rxd5 Qxb4 26. Qxb4 Rxb4 27.
Rxe5 Rb2 28. a4 Rd8 29. g3 Rdd2 30. Rc8+ Kh7 31. Rf5 Kg6 32. Rf4 Rd6 33. Rc7 f5
34. g4 fxg4 35. Rxg4+ Kh5 36. Rcxg7 Rf6 37. Rg3 Kh4 38. R7g6 Rbxf2 39. Rxh6+
Rxh6 40. Kxf2 a5 41. e4 Rb6 42. e5 Rb4 43. e6 Rb2+ 44. Kf3 Rb6 45. Rg4+ Kh3 46.
Re4 1-0

[Event "Excelsior November op"]
[Site "Toronto CAN"]
[Date "2023.11.19"]
[Round "5.3"]
[White "Wang, Derek"]
[Black "Moses, Neil"]
[Result "1-0"]
[WhiteElo "2086"]
[BlackElo "2161"]
[PlyCount "63"]
[EventDate "2023.11.17"]
[EventType "swiss"]
[EventRounds "5"]
[EventCountry "CAN"]

1. d4 Nf6 2. Nc3 d5 3. Bf4 c5 4. e3 cxd4 5. exd4 Bg4 6. Be2 Bxe2 7. Qxe2 a6 8.
Nf3 Nc6 9. O-O-O e6 10. Ne5 Rc8 11. Rhe1 Be7 12. g4 Nxe5 13. Bxe5 Qa5 14. Qf3
O-O 15. Bxf6 Bxf6 16. Kb1 Rc4 17. Qe3 Rfc8 18. f4 Be7 19. f5 R8c6 20. fxe6 fxe6
21. Rf1 Bb4 22. Qf4 Rc7 23. Rde1 Qb6 24. Nxd5 Qd6 25. Qxd6 Bxd6 26. Nxc7 Bxc7
27. Rxe6 h6 28. c3 Bxh2 29. Re8+ Kh7 30. Rf7 Rc6 31. Rxb7 Bg3 32. Re4 1-0

[Event "Excelsior November op"]
[Site "Toronto CAN"]
[Date "2023.11.19"]
[Round "5.4"]
[White "Yang, Larry"]
[Black "Zhao, Jifan"]
[Result "1-0"]
[WhiteElo "2212"]
[BlackElo "2058"]
[PlyCount "45"]
[EventDate "2023.11.17"]
[EventType "swiss"]
[EventRounds "5"]
[EventCountry "CAN"]

1. e4 e6 2. d4 d5 3. Nd2 Be7 4. Bd3 Nf6 5. e5 Nfd7 6. Ne2 c5 7. c3 cxd4 8. cxd4
Nc6 9. O-O b6 10. a3 Bb7 11. b4 O-O 12. Nf3 f6 13. Nf4 Qb8 14. Nxe6 Re8 15. Bf4
fxe5 16. Nxe5 Ndxe5 17. dxe5 Nd8 18. Bxh7+ Kxh7 19. Qh5+ Kg8 20. Qxe8+ Kh7 21.
Qxe7 Nxe6 22. Qxe6 Ba6 23. Rfd1 1-0

[Event "Excelsior November op"]
[Site "Toronto CAN"]
[Date "2023.11.19"]
[Round "5.5"]
[White "Zhong, Ryan Yunhui"]
[Black "Chaurette, Laurent"]
[Result "1-0"]
[WhiteElo "1986"]
[BlackElo "1940"]
[PlyCount "77"]
[EventDate "2023.11.17"]
[EventType "swiss"]
[EventRounds "5"]
[EventCountry "CAN"]

1. e4 e6 2. Nf3 d5 3. e5 c5 4. b4 cxb4 5. a3 Nc6 6. axb4 Bxb4 7. c3 Be7 8. d4
f6 9. Bd3 fxe5 10. dxe5 Nh6 11. Qe2 Bd7 12. h4 Nf7 13. Bf4 Qc7 14. O-O Na5 15.
Rc1 Nb3 16. Qb2 Nxa1 17. Nbd2 a6 18. c4 Rc8 19. Rxa1 dxc4 20. Nxc4 b5 21. Nd6+
Bxd6 22. exd6 Qc3 23. Qb1 Qf6 24. Bg5 Nxg5 25. hxg5 Qc3 26. Rxa6 e5 27. Bxb5
O-O 28. Bxd7 Rb8 29. Qe4 Kh8 30. Rc6 Qa1+ 31. Kh2 Qf1 32. Qh4 Rf4 33. Qg3 Rbf8
34. Be6 Qb5 35. Rc8 Qd3 36. Nxe5 Qxd6 37. Rxf8+ Qxf8 38. Ng6+ hxg6 39. Qh3+ 1-0

[Event "Excelsior November op"]
[Site "Toronto CAN"]
[Date "2023.11.19"]
[Round "5.6"]
[White "Loadman, Ian"]
[Black "Singh Dhaliwal, Jaipreet"]
[Result "1/2-1/2"]
[WhiteElo "2068"]
[BlackElo "2148"]
[PlyCount "32"]
[EventDate "2023.11.17"]
[EventType "swiss"]
[EventRounds "5"]
[EventCountry "CAN"]

1. e4 c5 2. Nf3 d6 3. Bb5+ Bd7 4. Bxd7+ Qxd7 5. c4 Nf6 6. Nc3 Nc6 7. d4 cxd4 8.
Nxd4 g6 9. f3 Bg7 10. Be3 O-O 11. O-O Rfc8 12. b3 Rab8 13. Nxc6 bxc6 14. Rc1
Qb7 15. Qd2 Rd8 16. Rfd1 Rd7 1/2-1/2

[Event "Excelsior November op"]
[Site "Toronto CAN"]
[Date "2023.11.19"]
[Round "5.7"]
[White "Oancea, Nicolae"]
[Black "Filipovich, David"]
[Result "1/2-1/2"]
[WhiteElo "1997"]
[BlackElo "2170"]
[PlyCount "105"]
[EventDate "2023.11.17"]
[EventType "swiss"]
[EventRounds "5"]
[EventCountry "CAN"]

1. e4 g6 2. d4 Bg7 3. f4 d6 4. Nf3 Nf6 5. Bd3 O-O 6. h3 Nc6 7. c3 e5 8. d5 Ne7
9. fxe5 dxe5 10. O-O c6 11. c4 cxd5 12. cxd5 Nexd5 13. exd5 e4 14. Be2 exf3 15.
Bxf3 Qb6+ 16. Kh1 Bf5 17. Nc3 Rfe8 18. a4 Ne4 19. Nxe4 Bxe4 20. Bxe4 Rxe4 21.
Qf3 f5 22. d6 Rd8 23. Bf4 Be5 24. Bxe5 Rxe5 25. Rad1 Re4 26. Qg3 Re6 27. d7 Re7
28. Rd6 Qe3 29. Qh4 Rdxd7 30. Rxd7 Rxd7 31. Re1 Qd4 32. Re8+ Kf7 33. Re7+ Kf8
34. Qxd4 Rxd4 35. Rxb7 Rxa4 36. b4 h5 37. Kg1 a5 38. b5 Rb4 39. Kf2 a4 40. Kf3
a3 41. Ra7 Rxb5 42. Rxa3 Kf7 43. h4 Rb4 44. g3 Rg4 45. Ra7+ Kf6 46. Ra6+ Kg7
47. Ra7+ Kh6 48. Rf7 Ra4 49. Rb7 Ra6 50. Kf4 Ra4+ 51. Kf3 Ra1 52. Rc7 Ra4 53.
Kf2 1/2-1/2

[Event "Excelsior November op"]
[Site "Toronto CAN"]
[Date "2023.11.19"]
[Round "5.8"]
[White "Qian, Ashley"]
[Black "Qian, Eric"]
[Result "1-0"]
[WhiteElo "1928"]
[BlackElo "1954"]
[PlyCount "103"]
[EventDate "2023.11.17"]
[EventType "swiss"]
[EventRounds "5"]
[EventCountry "CAN"]

1. e4 c5 2. Nf3 d6 3. d4 cxd4 4. Nxd4 Nf6 5. Nc3 a6 6. Be3 e5 7. Nb3 Be6 8. f3
h5 9. Qd2 Nbd7 10. Nd5 Bxd5 11. exd5 g6 12. c4 b6 13. Be2 Bg7 14. O-O O-O 15.
Rac1 Re8 16. Na1 a5 17. Nc2 Nh7 18. b4 f5 19. bxa5 f4 20. Bf2 bxa5 21. Na3 Bf6
22. Nb5 Nb6 23. Nxd6 Qxd6 24. c5 Qd8 25. cxb6 Bh4 26. Bc5 Nf6 27. d6 Nd7 28. b7
Rb8 29. Ba7 Kh8 30. Bxb8 Qb6+ 31. Kh1 Rxb8 32. Rc8+ Bd8 33. Rxb8 Nxb8 34. Qd5
Bf6 35. Bd3 Kg7 36. Bc4 Qd8 37. Qf7+ Kh8 38. Qxg6 Qf8 39. Qxh5+ Kg7 40. Bd3
Qxd6 41. Qg6+ Kf8 42. Bc4 Ke7 43. Qf7+ Kd8 44. Bb3 Nc6 45. Rd1 Nd4 46. Qg8+ Ke7
47. b8=Q Qxb8 48. Qxb8 Nxb3 49. axb3 Kf7 50. Rd7+ Kg6 51. Qg8+ Bg7 52. Rxg7+
1-0

[Event "Excelsior October U2000"]
[Site "Toronto CAN"]
[Date "2023.10.27"]
[Round "1.12"]
[White "Qian, Ashley"]
[Black "Liu, Sean"]
[Result "1-0"]
[WhiteElo "1793"]
[BlackElo "1653"]
[PlyCount "63"]
[EventDate "2023.10.27"]
[EventType "swiss"]
[EventRounds "5"]
[EventCountry "CAN"]

1. e4 c5 2. Nf3 Nc6 3. d4 cxd4 4. Nxd4 Nf6 5. Nc3 e5 6. Ndb5 d6 7. Bg5 a6 8.
Na3 b5 9. Nd5 Be7 10. Bxf6 Bxf6 11. c3 O-O 12. Nc2 g6 13. a4 bxa4 14. Rxa4 Bg7
15. Bc4 Ne7 16. Nce3 Bb7 17. O-O a5 18. Nxe7+ Qxe7 19. Nd5 Bxd5 20. Qxd5 Rfc8
21. b3 Qc7 22. Rfa1 Ra7 23. Rxa5 Rxa5 24. Rxa5 Bh6 25. Ra8 Rxa8 26. Qxa8+ Kg7
27. Qd5 Qa7 28. g3 Qc7 29. Kg2 Bc1 30. b4 Bb2 31. b5 Bxc3 32. b6 1-0

[Event "Excelsior October U2000"]
[Site "Toronto CAN"]
[Date "2023.10.27"]
[Round "1.13"]
[White "Sreekumar, Gauri"]
[Black "Mutyalapati, Modith Aaroh"]
[Result "0-1"]
[WhiteElo "1620"]
[BlackElo "1710"]
[PlyCount "72"]
[EventDate "2023.10.27"]
[EventType "swiss"]
[EventRounds "5"]
[EventCountry "CAN"]

1. d4 d5 2. c4 c6 3. Nf3 Nf6 4. Nc3 dxc4 5. e3 Bg4 6. Bxc4 b5 7. Bxf7+ Kxf7 8.
Ne5+ Ke8 9. Nxg4 Nbd7 10. O-O e6 11. Qf3 Rc8 12. e4 h5 13. Nxf6+ Qxf6 14. Qd3
Rd8 15. Be3 Nb6 16. b3 b4 17. Ne2 Be7 18. Rac1 e5 19. dxe5 Qxe5 20. Qc2 c5 21.
Rfd1 Rc8 22. Qd3 Rd8 23. Qb5+ Kf7 24. Ng3 h4 25. Nf5 h3 26. Nxe7 hxg2 27. f4
Rxd1+ 28. Rxd1 Qh5 29. Kxg2 Qg4+ 30. Kf2 Rxh2+ 31. Ke1 Rh1+ 32. Kf2 Rh2+ 33.
Ke1 Qg3+ 34. Kf1 Qg2+ 35. Ke1 Rh1+ 36. Qf1 Rxf1# 0-1

[Event "Excelsior October U2000"]
[Site "Toronto CAN"]
[Date "2023.10.27"]
[Round "1.14"]
[White "Mahdjoubi, Abdelaziz"]
[Black "Huang, Justin"]
[Result "0-1"]
[WhiteElo "1701"]
[BlackElo "1608"]
[PlyCount "44"]
[EventDate "2023.10.27"]
[EventType "swiss"]
[EventRounds "5"]
[EventCountry "CAN"]

1. e4 e6 2. d4 d5 3. e5 c5 4. c3 Nc6 5. Nf3 f6 6. Bd3 fxe5 7. dxe5 Bd7 8. O-O
Qc7 9. Ng5 g6 10. Nxh7 O-O-O 11. Bxg6 Nxe5 12. Bf4 Bd6 13. Bxe5 Bxe5 14. f4
Bxf4 15. h3 Ne7 16. Bc2 e5 17. Nd2 e4 18. Nf6 Be3+ 19. Kh1 Bxh3 20. Nh5 Bxg2+
21. Kxg2 Rdg8+ 22. Kh3 Qg3# 0-1

[Event "Excelsior October U2000"]
[Site "Toronto CAN"]
[Date "2023.10.27"]
[Round "1.15"]
[White "Desikan, Ajith"]
[Black "Tseng, Bradley"]
[Result "1/2-1/2"]
[WhiteElo "1601"]
[BlackElo "1696"]
[PlyCount "34"]
[EventDate "2023.10.27"]
[EventType "swiss"]
[EventRounds "5"]
[EventCountry "CAN"]

1. d4 Nf6 2. Bf4 d5 3. e3 c5 4. c3 Qb6 5. Qb3 c4 6. Qxb6 axb6 7. Na3 Bd7 8. Nf3
e6 9. Nc2 Nc6 10. Ne5 Nxe5 11. Bxe5 Be7 12. Bxf6 Bxf6 13. a3 O-O 14. Be2 Be7
15. O-O Ra7 16. f4 Rfa8 17. Rac1 f5 1/2-1/2

[Event "Excelsior October U2000"]
[Site "Toronto CAN"]
[Date "2023.10.27"]
[Round "1.16"]
[White "Ajith, Aarush"]
[Black "Cholakis, Max"]
[Result "1-0"]
[WhiteElo "1681"]
[BlackElo "1540"]
[PlyCount "77"]
[EventDate "2023.10.27"]
[EventType "swiss"]
[EventRounds "5"]
[EventCountry "CAN"]

1. d4 Nf6 2. c4 b6 3. Nf3 Bb7 4. g3 e6 5. Bg2 Bb4+ 6. Bd2 a5 7. Nc3 O-O 8. O-O
d6 9. Qc2 Nbd7 10. Rfe1 Re8 11. e4 e5 12. d5 Nf8 13. a3 Bxc3 14. Qxc3 Ng6 15.
b4 axb4 16. axb4 Rxa1 17. Qxa1 Bc8 18. Qc3 Bd7 19. c5 bxc5 20. bxc5 Qb8 21. Bg5
Qb5 22. c6 Bg4 23. Bxf6 gxf6 24. h3 Bc8 25. Nd2 Ba6 26. Bf1 Qb6 27. Rb1 Qa7 28.
Ra1 Ra8 29. Rxa6 Qxa6 30. Bxa6 Rxa6 31. Qb2 Rb6 32. Qa2 f5 33. exf5 Ne7 34. f6
Ng6 35. Qa8+ Nf8 36. Qc8 e4 37. Nxe4 Rb4 38. Ng5 h5 39. Qxc7 1-0

[Event "Excelsior October U2000"]
[Site "Toronto CAN"]
[Date "2023.10.28"]
[Round "2.12"]
[White "Huang, Justin"]
[Black "Qian, Ashley"]
[Result "1-0"]
[WhiteElo "1608"]
[BlackElo "1793"]
[PlyCount "79"]
[EventDate "2023.10.27"]
[EventType "swiss"]
[EventRounds "5"]
[EventCountry "CAN"]

1. d4 d5 2. c4 e6 3. Nf3 Nf6 4. Nc3 Be7 5. Bf4 O-O 6. e3 c6 7. Qc2 Nbd7 8. h3
Re8 9. Bd3 h6 10. O-O Bf8 11. Rac1 dxc4 12. Bxc4 Nb6 13. Be2 Nbd5 14. Nxd5 exd5
15. Ne5 Be6 16. Bd3 Bd6 17. Rfd1 Qc7 18. a3 a5 19. Qd2 Nh5 20. Bh2 c5 21. Bb5
Red8 22. Qe2 Nf6 23. a4 Nd7 24. Nf3 c4 25. b3 Bxh2+ 26. Nxh2 Nb6 27. Nf3 Rac8
28. Qd2 c3 29. Qd3 g6 30. g4 h5 31. Ne5 hxg4 32. Nxg6 gxh3 33. Kh1 Bg4 34. Ne5
Bxd1 35. Rxd1 c2 36. Rg1+ Kf8 37. Qh7 c1=Q 38. Qg8+ Ke7 39. Qxf7+ Kd6 40. Qf6#
1-0

[Event "Excelsior October U2000"]
[Site "Toronto CAN"]
[Date "2023.10.28"]
[Round "2.13"]
[White "Mutyalapati, Modith Aaroh"]
[Black "Hong, Zihan"]
[Result "1/2-1/2"]
[WhiteElo "1710"]
[BlackElo "1501"]
[PlyCount "103"]
[EventDate "2023.10.27"]
[EventType "swiss"]
[EventRounds "5"]
[EventCountry "CAN"]

1. e4 c5 2. Nf3 d6 3. d4 cxd4 4. Nxd4 Nf6 5. Nc3 g6 6. Be3 Bg7 7. f3 O-O 8. Qd2
Nc6 9. O-O-O Bd7 10. h4 h5 11. Be2 Rc8 12. Nxc6 bxc6 13. Bg5 Qa5 14. Kb1 Rb8
15. b3 Nh7 16. Nd5 Qxd2 17. Nxe7+ Kh8 18. Rxd2 Be5 19. Nxg6+ fxg6 20. Be7 Rfc8
21. Bxd6 Bxd6 22. Rxd6 Be8 23. Rhd1 Kg7 24. e5 Rc7 25. f4 Re7 26. g3 Nf8 27.
Bc4 Rc8 28. Kb2 Bf7 29. Bxf7 Kxf7 30. Kc3 Ne6 31. Kc4 c5 32. c3 Ree8 33. Rd7+
Re7 34. Rxe7+ Kxe7 35. Rd6 Rd8 36. Rxd8 Kxd8 37. Kd5 Kd7 38. b4 cxb4 39. cxb4
a6 40. a4 Nd8 41. Kc5 Kc7 42. b5 axb5 43. axb5 Nb7+ 44. Kd5 Kd7 45. b6 Na5 46.
Kc5 Nb7+ 47. Kb5 Nd8 48. Ka6 Kc6 49. Ka7 Nb7 50. Ka6 Nc5+ 51. Ka7 Nb7 52. Ka6
1/2-1/2